00271nam a2200109Ia 4500008004100000082001700041100001800058245003500076260002600111300000800137650001600145191201s2019 xx 000 0 und d a621.381bTAD aTAUB, Herbert 0aDigital Integrated Electronics aN.DelhibMc Graw Hill a650 aB.Tech(ECE)